| 000 | 01070nam a2200277 a 4500 | ||
|---|---|---|---|
| 001 | 000015406 | ||
| 003 | DO-SdBNP | ||
| 005 | 20250421122315.0 | ||
| 008 | 100208s2000 dr ac 001 0 spa d | ||
| 040 |
_aDO-SdBNP _bspa _cBNPHU |
||
| 049 | _aBNPD | ||
| 082 | 4 |
_a330.9 _bD134o _222 |
|
| 100 | 1 |
_aDájer S., Miguel A. _934793 |
|
| 245 | 1 | 0 |
_aOtros enfoques de la realidad dominicana / _cMiguel A. Dájer S. ; introducción, Mario Emilio Sánchez Córdova. |
| 260 |
_aSanto Domingo : _bFundación Méndez Dájer, _c2000. |
||
| 300 |
_a546 p. : _bil., retrs. ; _c23 cm. |
||
| 500 | _aIncluye índice onomástico y temático | ||
| 500 | _aIncluye datos biográficos del autor en la solapas | ||
| 650 | 4 |
_aAgricultura _zRepública Dominicana _91568 |
|
| 650 | 4 |
_aGanaderia _zRepública Dominicana _91548 |
|
| 650 | 4 |
_aReforma agraria _zRepública Dominicana _96977 |
|
| 651 | 4 |
_aRepública Dominicana _xCondiciones económicas _9281 |
|
| 651 | 4 |
_aRepública Dominicana _xPolítica económica _9643 |
|
| 700 | 1 |
_aSánchez Córdova, Mario Emilio _934794 |
|
| 942 |
_2ddc _cLBS1 |
||
| 999 |
_c14965 _d14965 |
||